01376nam a22003731 4500001001000000003000900010005001700019007000300036008002900039017000900068020001600077035000600093040003000099082002900129100004300158245015100201260001500352264004700367300002700414336002700441337003500468338003000503490002400533590002600557650005900583650006700642650006200709700000600771700003700777910004100814942001200855952011800867999001700985 01107648DO-SdBPM20260209124920.0ta920725s1998 cl spa  a b  a8432986364  a  aDO-SdBPMbspacBPMSUerda 4a370.114b OB12c 19982221 aCardona Prieto, Marcela. eautor4aut.10aCómo desarrollar los valores a partir de la literatura : bpropuestas prácticas para los tres ciclos de primaria /cNúria Obiols Suari. h  bSintes,c  aBarcelona : bGrupo Editorial Ceac.,c1998 a154 páginas ;c21 cm atextbtxt2rdacontent  aSin mediación bn2reamedia  avolumen bnc2reacarrier 0 aAula práctica v  aInventariado, 2026/VM 7aLiteratura infantil en la educación de niñosv 2  7aValores (Filosofía) xEnseñanza primaria xMetodología.  4aaValores socialesxEnseñanza primaria xMetodología. 1 a 1 aPonce, Carolina eilustración  aVMateo V. Control de calidad. BPMSU  2ddccBK 00102ddc70aBPMETbBPMETd2026-02-09l0oBPMSU CG 370.114 O12c 1998pBPMSU26020052r2026-02-09w2026-02-09yBK c15675d15675